Modelo para determinar necesidades de mano de obra para construcción de vivienda en serie
保存先:
| 第一著者: | |
|---|---|
| フォーマット: | 不明 |
| 出版事項: |
[San José, Costa Rica]
1979
|
| 主題: | |
| タグ: |
タグ追加
タグなし, このレコードへの初めてのタグを付けませんか!
|
MARC
| LEADER | 00000 a2200000 4500 | ||
|---|---|---|---|
| 003 | 000812 | ||
| 005 | 20221231143737.0 | ||
| 008 | 140114s1979 cr a m 000 ||s d | ||
| 040 | |c cru CEDI | ||
| 090 | |a TFG 856 | ||
| 100 | |a Guzmán Naranjo, Mario |9 16164 | ||
| 245 | |a Modelo para determinar necesidades de mano de obra para construcción de vivienda en serie | ||
| 260 | |c 1979 |a [San José, Costa Rica] | ||
| 300 | |a [104] hojas : ilustraciones ; 28 cm | ||
| 500 | |a Tesis (ingenieria civil)--Universidad de Costa Rica. | ||
| 650 | |x VIVIENDA - GUARARI (HEREDIA, COSTA RICA) |x INDUSTRIA DE LA CONSTRUCCION |9 15875 | ||
| 942 | |c TFG | ||
| 999 | |c 11142 |d 11142 | ||
